[Event "RN-2012-0-00454"]
[Site "LSS email"]
[Date "2012.02.23"]
[Round "?"]
[White "Parente, Antonio Manuel Peix"]
[Black "Rose, Robert E"]
[Result "1-0"]
[WhiteElo "803"]
[BlackElo "497"]
[PlyCount "37"]
[EventDate "2012.02.12"]
[EventType "tourn (corr)"]
[EventRounds "6"]
[EventCountry "GER"]
[SourceTitle "Telechess CBM 157"]
[Source "ChessBase"]
[SourceDate "2013.11.12"]
[SourceVersion "1"]
[SourceVersionDate "2013.11.12"]
[SourceQuality "1"]

1. e4 c5 2. Nf3 d6 3. Bb5+ Bd7 4. Bxd7+ Qxd7 5. d4 cxd4 6. Qxd4 Nc6 7. Qd3 Nf6 8. 0-0 g6 9. h3 Bg7 10. Nc3 0-0 11. Be3 Nb4 12. Qe2 Nc6 13. Rfd1 Rac8 14. a3 a6 15. e5 Ne8 16. Nd5 Qd8 17. Bg5 f6 18. exd6 Nxd6 19. Qe6+ 1-0

[Event "LSS No Engine Cup 60 Preliminary 2"]
[Site "LSS email"]
[Date "2012.02.19"]
[Round "?"]
[White "Digalakis, Georgios"]
[Black "Rose, Robert E"]
[Result "1-0"]
[WhiteElo "1581"]
[BlackElo "498"]
[PlyCount "35"]
[EventDate "2012.02.20"]
[EventType "tourn (corr)"]
[EventRounds "6"]
[EventCountry "GER"]
[SourceTitle "Telechess CBM 155"]
[Source "ChessBase"]
[SourceDate "2013.07.16"]
[SourceVersion "1"]
[SourceVersionDate "2013.07.16"]
[SourceQuality "1"]

1. d4 Nf6 2. c4 g6 3. Nc3 Bg7 4. e4 d6 5. Be2 0-0 6. Nf3 e5 7. 0-0 Nc6 8. d5 Ne7 9. b4 Nh5 10. Re1 a5 11. bxa5 Rxa5 12. Nd2 Nf4 13. Bf1 f5 14. a4 b6 15. g3 Nh5 16. exf5 Bxf5 17. g4 Bxg4 18. Qxg4 1-0

[Event "RN-2012-0-00452"]
[Site "LSS email"]
[Date "2012.02.16"]
[Round "?"]
[White "Rose, Robert E"]
[Black "Venturas, Bob"]
[Result "0-1"]
[WhiteElo "498"]
[BlackElo "729"]
[PlyCount "52"]
[EventDate "2012.02.07"]
[EventType "tourn (corr)"]
[EventRounds "6"]
[EventCountry "GER"]
[SourceTitle "Telechess CBM 153"]
[Source "ChessBase"]
[SourceDate "2013.03.14"]
[SourceVersion "1"]
[SourceVersionDate "2013.03.14"]
[SourceQuality "1"]

1. e4 e5 2. Nf3 Nc6 3. Bb5 a6 4. Ba4 b5 5. Bb3 Bb7 6. 0-0 Bc5 7. c3 Nf6 8. d4 exd4 9. e5 Ng8 10. cxd4 Ba7 11. Be3 Nge7 12. Nc3 Na5 13. Re1 d5 14. Bg5 h6 15. Be3 Nf5 16. Bf4 Qd7 17. a4 b4 18. Ne2 0-0 19. Bc2 c5 20. Qd3 g6 21. dxc5 Bxc5 22. Ng3 Nxg3 23. Bxg3 Rfe8 24. h4 h5 25. Nd4 Nc4 26. b3 Na3 0-1

[Event "BI-2011-F-00021"]
[Site "LSS email"]
[Date "2012.02.12"]
[Round "?"]
[White "Rose, Robert E"]
[Black "Anderson, Lawrence D"]
[Result "0-1"]
[WhiteElo "498"]
[BlackElo "1186"]
[PlyCount "24"]
[EventDate "2012.02.15"]
[EventType "tourn (corr)"]
[EventRounds "10"]
[EventCountry "GER"]
[SourceTitle "Corr 2015"]
[Source "ChessBase"]
[SourceDate "2015.07.17"]
[SourceVersion "1"]
[SourceVersionDate "2015.07.17"]
[SourceQuality "1"]

1. e4 c5 2. Nf3 d6 3. d4 cxd4 4. Nxd4 Nf6 5. Nc3 g6 6. Be3 Bg7 7. f3 Nc6 8. Qd2 0-0 9. 0-0-0 d5 10. Nxc6 bxc6 11. exd5 cxd5 12. Nxd5 Nxd5 0-1

[Event "BI-2011-F-00021"]
[Site "LSS email"]
[Date "2012.02.12"]
[Round "?"]
[White "Rose, Robert E"]
[Black "Plummer, Martin"]
[Result "0-1"]
[WhiteElo "498"]
[BlackElo "1024"]
[PlyCount "22"]
[EventDate "2012.02.15"]
[EventType "tourn (corr)"]
[EventRounds "10"]
[EventCountry "GER"]
[SourceTitle "Corr 2015"]
[Source "ChessBase"]
[SourceDate "2015.07.17"]
[SourceVersion "1"]
[SourceVersionDate "2015.07.17"]
[SourceQuality "1"]

1. e4 c5 2. Nf3 Nc6 3. d4 cxd4 4. Nxd4 Nf6 5. Nc3 a6 6. Bg5 Qb6 7. Nb3 d6 8. Bd3 Ng4 9. 0-0 Nge5 10. Be3 Qc7 11. Nd5 Qd8 0-1

[Event "SN-2012-0-00418"]
[Site "LSS email"]
[Date "2012.01.25"]
[Round "?"]
[White "Rose, Robert E"]
[Black "Secondi, Alberto"]
[Result "0-1"]
[WhiteElo "498"]
[BlackElo "600"]
[PlyCount "59"]
[EventDate "2012.01.15"]
[EventType "tourn (corr)"]
[EventRounds "6"]
[EventCountry "GER"]
[SourceTitle "Telechess CBM 165"]
[Source "ChessBase"]
[SourceDate "2015.03.11"]
[SourceVersion "1"]
[SourceVersionDate "2015.03.11"]
[SourceQuality "1"]

1. e4 e5 2. Nf3 Nc6 3. Bb5 a6 4. Ba4 Nf6 5. 0-0 Bc5 6. c3 0-0 7. d4 exd4 8. cxd4 Bb4 9. e5 Nd5 10. Bb3 Nce7 11. Bd2 Bxd2 12. Qxd2 b5 13. Nc3 Nxc3 14. Qxc3 Bb7 15. Rfe1 Nd5 16. Bxd5 Bxd5 17. a3 Rc8 18. Qd2 f6 19. exf6 Rxf6 20. Ne5 d6 21. Ng4 Rg6 22. Ne3 Qg5 23. f3 Bxf3 24. g3 Rf8 25. Rf1 Rf4 26. Ng2 Bxg2 27. Qxf4 Qxf4 28. Rxf4 Bd5 29. Raf1 Be6 30. Rf8# 0-1

[Event "SN-2012-0-00418"]
[Site "LSS email"]
[Date "2012.01.25"]
[Round "?"]
[White "Vontina, Maria"]
[Black "Rose, Robert E"]
[Result "1-0"]
[WhiteElo "821"]
[BlackElo "498"]
[PlyCount "72"]
[EventDate "2012.01.15"]
[EventType "tourn (corr)"]
[EventRounds "6"]
[EventCountry "GER"]
[SourceTitle "Telechess CBM 165"]
[Source "ChessBase"]
[SourceDate "2015.03.11"]
[SourceVersion "1"]
[SourceVersionDate "2015.03.11"]
[SourceQuality "1"]

1. e4 c5 2. Nf3 d6 3. d4 cxd4 4. Nxd4 Nf6 5. Nc3 a6 6. Bg5 Nc6 7. Be2 e6 8. f4 Be7 9. 0-0 0-0 10. a3 Bd7 11. Qd2 h6 12. Bxf6 Bxf6 13. Nxc6 Bxc6 14. Bf3 Rc8 15. Rad1 Be7 16. Qe3 Qa5 17. Rfe1 d5 18. exd5 Bc5 19. Rd4 Bxd4 20. Qxd4 exd5 21. Rd1 Rcd8 22. Qe5 Rfe8 23. Qd4 Re7 24. Kf2 Red7 25. h3 Qc7 26. g3 Qd6 27. Kg2 Qg6 28. Rd2 b5 29. Ne2 Qe6 30. Bg4 f5 31. Bf3 Kf7 32. Kf2 Qf6 33. Qxf6+ Kxf6 34. Nd4 Rd6 35. c3 Bb7 36. Re2 R8d7 1-0

[Event "SN-2012-0-00418"]
[Site "LSS email"]
[Date "2012.01.25"]
[Round "?"]
[White "Wallerstorfer, Josef"]
[Black "Rose, Robert E"]
[Result "1-0"]
[WhiteElo "796"]
[BlackElo "498"]
[PlyCount "47"]
[EventDate "2012.01.15"]
[EventType "tourn (corr)"]
[EventRounds "6"]
[EventCountry "GER"]
[SourceTitle "Telechess CBM 165"]
[Source "ChessBase"]
[SourceDate "2015.03.11"]
[SourceVersion "1"]
[SourceVersionDate "2015.03.11"]
[SourceQuality "1"]

1. e4 c5 2. Nf3 d6 3. Bc4 Nf6 4. Nc3 Nc6 5. a3 g6 6. h3 Bg7 7. 0-0 0-0 8. Rb1 a6 9. Re1 b5 10. Bd5 Nxd5 11. exd5 Ne5 12. Nxe5 Bxe5 13. d3 Bb7 14. Bh6 Bg7 15. Bg5 Re8 16. Qf3 h6 17. Bh4 Bc8 18. Qe2 Bf8 19. Ne4 Bf5 20. c4 Rb8 21. b3 Bg7 22. Ng3 Bc8 23. Ne4 Bf5 24. b4 1-0

[Event "SN-2012-0-00417"]
[Site "LSS email"]
[Date "2012.01.24"]
[Round "?"]
[White "Jokmin, Guido"]
[Black "Rose, Robert E"]
[Result "0-1"]
[WhiteElo "649"]
[BlackElo "498"]
[PlyCount "40"]
[EventDate "2012.01.10"]
[EventType "tourn (corr)"]
[EventRounds "6"]
[EventCountry "GER"]
[SourceTitle "Corr 2015"]
[Source "ChessBase"]
[SourceDate "2015.07.17"]
[SourceVersion "1"]
[SourceVersionDate "2015.07.17"]
[SourceQuality "1"]

1. e4 c5 2. d4 cxd4 3. c3 dxc3 4. Nxc3 Nc6 5. Nf3 d6 6. Bc4 Nf6 7. Qe2 g6 8. Ng5 e6 9. 0-0 Bg7 10. Bf4 0-0 11. Rfd1 e5 12. Be3 Qc7 13. Nb5 Qe7 14. Nxd6 Be6 15. Nxe6 fxe6 16. Bg5 Nd4 17. Qd3 Qxd6 18. Kh1 Rac8 19. f4 Ng4 20. Qf1 Ne3 0-1

[Event "RN-2012-0-00441"]
[Site "LSS email"]
[Date "2012.01.17"]
[Round "?"]
[White "Rose, Robert E"]
[Black "Bortnicker, Justin"]
[Result "1-0"]
[WhiteElo "498"]
[BlackElo "917"]
[PlyCount "47"]
[EventDate "2012.01.03"]
[EventType "tourn (corr)"]
[EventRounds "6"]
[EventCountry "GER"]
[SourceTitle "Telechess CBM 153"]
[Source "ChessBase"]
[SourceDate "2013.03.14"]
[SourceVersion "1"]
[SourceVersionDate "2013.03.14"]
[SourceQuality "1"]

1. e4 e5 2. Nf3 d6 3. d4 Nd7 4. Bc4 Ngf6 5. Ng5 d5 6. exd5 h6 7. dxe5 Nxe5 8. Bb5+ Bd7 9. Bxd7+ Qxd7 10. Nf3 Nxf3+ 11. Qxf3 Nxd5 12. 0-0 0-0-0 13. Nc3 Nb4 14. Rd1 Qe7 15. Be3 Nxc2 16. Rxd8+ Kxd8 17. Rd1+ Ke8 18. Qxb7 f6 19. Qc8+ Kf7 20. Rd7 Nxe3 21. Rxe7+ Kxe7 22. Qxc7+ Ke6 23. fxe3 Rg8 24. Qc4+ 1-0

[Event "SN-2011-0-00411"]
[Site "LSS email"]
[Date "2012.01.04"]
[Round "?"]
[White "Linart, Ludvik"]
[Black "Rose, Robert E"]
[Result "1-0"]
[WhiteElo "880"]
[BlackElo "497"]
[PlyCount "107"]
[EventDate "2011.12.23"]
[EventType "tourn (corr)"]
[EventRounds "6"]
[EventCountry "GER"]
[SourceTitle "Telechess CBM 155"]
[Source "ChessBase"]
[SourceDate "2013.07.16"]
[SourceVersion "1"]
[SourceVersionDate "2013.07.16"]
[SourceQuality "1"]

1. d4 Nf6 2. Bg5 Ne4 3. Nf3 Nxg5 4. Nxg5 h6 5. Nf3 d5 6. e3 Bg4 7. Be2 Nc6 8. 0-0 e6 9. Nbd2 Bd6 10. a3 0-0 11. Ne1 Bxe2 12. Qxe2 Qf6 13. c4 dxc4 14. Nxc4 Qe7 15. Nd3 Rab8 16. b4 Qh4 17. Nxd6 cxd6 18. g3 Qg5 19. Rfc1 Rbc8 20. Rc2 Ne7 21. Rac1 Rxc2 22. Rxc2 Rc8 23. Rxc8+ Nxc8 24. Qc2 Qd8 25. f4 Nb6 26. e4 d5 27. e5 Nc4 28. Kf2 Nxa3 29. Qa4 Nc4 30. Qxa7 Qb6 31. Qxb6 Nxb6 32. Nc5 Nc4 33. Nxb7 Kf8 34. Ke2 Ke7 35. Nc5 Nb6 36. Kd3 Kd8 37. Nb7+ Kd7 38. Nd6 Ke7 39. g4 f6 40. h4 fxe5 41. dxe5 Kd7 42. Kd4 Nc8 43. h5 Nxd6 44. exd6 Kxd6 45. b5 Kd7 46. f5 exf5 47. gxf5 Kd6 48. b6 Kc6 49. b7 Kxb7 50. Kxd5 Kc7 51. Ke6 Kd8 52. Kf7 Kd7 53. Kxg7 Ke7 54. f6+ 1-0

[Event "RN-2011-0-00437"]
[Site "LSS email"]
[Date "2012.01.03"]
[Round "?"]
[White "Bilbey, Brian"]
[Black "Rose, Robert E"]
[Result "1-0"]
[WhiteElo "848"]
[BlackElo "497"]
[PlyCount "73"]
[EventDate "2011.12.25"]
[EventType "tourn (corr)"]
[EventRounds "6"]
[EventCountry "GER"]
[SourceTitle "Telechess CBM 157"]
[Source "ChessBase"]
[SourceDate "2013.11.12"]
[SourceVersion "1"]
[SourceVersionDate "2013.11.12"]
[SourceQuality "1"]

1. Nf3 d5 2. d4 Nf6 3. c4 dxc4 4. Nc3 Nc6 5. e3 e6 6. Bxc4 Bb4 7. Bd2 0-0 8. 0-0 Bd7 9. Rc1 Qe7 10. a3 Ba5 11. b4 Bb6 12. Na4 Ne4 13. Nxb6 Nxd2 14. Nxd7 Nxf3+ 15. Qxf3 Qxd7 16. Qe4 Rab8 17. Bd3 f5 18. Qf3 a6 19. b5 Ne7 20. bxa6 bxa6 21. Bxa6 Nd5 22. Bc4 Nb6 23. Bd3 Rbc8 24. Rc5 Na4 25. Rc2 Nb6 26. Rfc1 Rf7 27. h3 Nd5 28. Bc4 g6 29. Bxd5 Qxd5 30. Qe2 Qd6 31. Qd3 Qb6 32. Rc6 Qa7 33. Rxe6 Kg7 34. d5 Qb7 35. Qd4+ Kg8 36. Qe5 Qa7 37. Re8+ 1-0

[Event "RN-2011-0-00438"]
[Site "LSS email"]
[Date "2012.01.03"]
[Round "?"]
[White "Lebduska, Daniel"]
[Black "Rose, Robert E"]
[Result "0-1"]
[WhiteElo "655"]
[BlackElo "497"]
[PlyCount "38"]
[EventDate "2011.12.28"]
[EventType "tourn (corr)"]
[EventRounds "6"]
[EventCountry "GER"]
[SourceTitle "Telechess CBM 155"]
[Source "ChessBase"]
[SourceDate "2013.07.16"]
[SourceVersion "1"]
[SourceVersionDate "2013.07.16"]
[SourceQuality "1"]

1. e4 c5 2. Bc4 Nc6 3. Nf3 e6 4. h3 Be7 5. 0-0 Nf6 6. d4 cxd4 7. Nxd4 0-0 8. Nc3 Bb4 9. Nce2 Bc5 10. Qd3 Nxd4 11. Nxd4 b6 12. a3 Bb7 13. Nf3 Bxe4 14. Qc3 Qc7 15. b3 d5 16. Bxd5 Bxd5 17. Qd3 Rad8 18. c4 Be4 19. Qc3 Rd3 0-1

[Event "RN-2011-0-00437"]
[Site "LSS email"]
[Date "2012.01.03"]
[Round "?"]
[White "Rose, Robert E"]
[Black "Bozic, Deni"]
[Result "0-1"]
[WhiteElo "497"]
[BlackElo "900"]
[PlyCount "108"]
[EventDate "2011.12.25"]
[EventType "tourn (corr)"]
[EventRounds "6"]
[EventCountry "GER"]
[SourceTitle "Telechess CBM 155"]
[Source "ChessBase"]
[SourceDate "2013.07.16"]
[SourceVersion "1"]
[SourceVersionDate "2013.07.16"]
[SourceQuality "1"]

1. e4 c5 2. Nf3 d6 3. d4 cxd4 4. Nxd4 Nf6 5. Nc3 a6 6. Bg5 e6 7. f4 Be7 8. Qf3 Bd7 9. 0-0-0 0-0 10. g4 Nc6 11. f5 Ne5 12. Qg3 exf5 13. exf5 h6 14. Bf4 Nexg4 15. h3 Ne5 16. Bxh6 Nh5 17. Qg2 Nc6 18. Be2 Nxd4 19. Bxh5 Bf6 20. Bf4 Bc6 21. Qg3 Bxh1 22. Rxh1 Nxf5 23. Qg2 Rb8 24. Qd5 Nh6 25. Bxh6 gxh6 26. Rg1+ Bg7 27. Qd4 f6 28. Ne4 Qe7 29. Qd5+ Kh8 30. Qf5 Qe5 31. Qxe5 dxe5 32. Bf3 Rbd8 33. Nc5 b6 34. Ne6 Rde8 35. Nxf8 Rxf8 36. Be2 a5 37. Rg3 f5 38. Bd3 e4 39. Bc4 f4 40. Rg1 e3 41. c3 f3 42. Kd1 e2+ 43. Bxe2 fxe2+ 44. Kxe2 Re8+ 45. Kd3 Re6 46. b3 Rd6+ 47. Kc2 b5 48. Rg3 Be5 49. Re3 Bf4 50. Rf3 Rd2+ 51. Kb1 Rd1+ 52. Kc2 Rc1+ 53. Kb2 Bg5 54. Rd3 Rh1 0-1

[Event "RN-2011-0-00437"]
[Site "LSS email"]
[Date "2012.01.03"]
[Round "?"]
[White "Rose, Robert E"]
[Black "Wood, Brian B"]
[Result "1-0"]
[WhiteElo "497"]
[BlackElo "452"]
[PlyCount "31"]
[EventDate "2011.12.25"]
[EventType "tourn (corr)"]
[EventRounds "6"]
[EventCountry "GER"]
[SourceTitle "Corr 2015"]
[Source "ChessBase"]
[SourceDate "2015.07.17"]
[SourceVersion "1"]
[SourceVersionDate "2015.07.17"]
[SourceQuality "1"]

1. e4 e6 2. d4 d5 3. Nd2 Nf6 4. e5 Nfd7 5. Ngf3 c5 6. c3 cxd4 7. cxd4 f6 8. Bb5 a6 9. Ba4 b5 10. Bb3 Be7 11. 0-0 0-0 12. a4 bxa4 13. Bxa4 fxe5 14. Nxe5 Nxe5 15. dxe5 Bd7 16. Bxd7 1-0

[Event "RN-2011-0-00420"]
[Site "LSS email"]
[Date "2011.11.16"]
[Round "?"]
[White "Rose, Robert E"]
[Black "Smith, Harry E"]
[Result "1-0"]
[WhiteElo "497"]
[BlackElo "662"]
[PlyCount "105"]
[EventDate "2011.10.21"]
[EventType "tourn (corr)"]
[EventRounds "6"]
[EventCountry "GER"]
[SourceTitle "Telechess CBM 155"]
[Source "ChessBase"]
[SourceDate "2013.07.16"]
[SourceVersion "1"]
[SourceVersionDate "2013.07.16"]
[SourceQuality "1"]

1. e4 e6 2. d4 d5 3. Nd2 Bb4 4. c3 Be7 5. Ngf3 b6 6. Bd3 Nf6 7. e5 Nfd7 8. 0-0 0-0 9. Nb3 a5 10. a4 Ba6 11. Bxa6 Nxa6 12. Be3 c6 13. Nbd2 c5 14. Re1 cxd4 15. cxd4 Bb4 16. Rc1 Rc8 17. Rxc8 Qxc8 18. Qc1 Qxc1 19. Rxc1 Bxd2 20. Bxd2 Nab8 21. b4 axb4 22. Bxb4 Re8 23. Bd6 Nc6 24. Rxc6 h6 25. Rc7 Nf8 26. Bxf8 Kxf8 27. Rb7 Rc8 28. h3 Ra8 29. Rxb6 Rxa4 30. Nd2 Rxd4 31. Nb3 Re4 32. Nc5 Re1+ 33. Kh2 Rc1 34. Rb8+ Ke7 35. Rb7+ Ke8 36. Kg3 Rxc5 37. f3 Rc3 38. Kf4 g5+ 39. Kg4 Kf8 40. Kh5 Kg7 41. h4 d4 42. hxg5 hxg5 43. Kxg5 Rc2 44. g4 Rc5 45. Kf4 d3 46. Rd7 Rd5 47. Rxd5 exd5 48. Ke3 d2 49. Kxd2 Kg6 50. f4 f5 51. g5 Kf7 52. Kd3 Ke6 53. Kd4 1-0

[Event "ZN-2011-0-01757"]
[Site "LSS email"]
[Date "2011.11.08"]
[Round "?"]
[White "Rose, Robert E"]
[Black "Tobey, Al E"]
[Result "1-0"]
[WhiteElo "723"]
[BlackElo "621"]
[PlyCount "85"]
[EventDate "2011.11.04"]
[EventType "match (corr)"]
[EventRounds "2"]
[EventCountry "GER"]
[SourceTitle "Telechess CBM 157"]
[Source "ChessBase"]
[SourceDate "2013.11.12"]
[SourceVersion "1"]
[SourceVersionDate "2013.11.12"]
[SourceQuality "1"]

1. e4 c5 2. Nf3 Nc6 3. d4 d6 4. Bb5 Qa5+ 5. Nc3 a6 6. Bxc6+ bxc6 7. 0-0 Bg4 8. dxc5 Nf6 9. Bd2 e5 10. cxd6 Bxd6 11. h3 Be6 12. Nd5 Qd8 13. Nxf6+ gxf6 14. Qe2 Qb6 15. b3 0-0-0 16. Be3 Qb7 17. c4 Bb4 18. Rfd1 Rde8 19. a3 Ba5 20. b4 Bc7 21. Rab1 Rhg8 22. h4 Bg4 23. a4 Bh3 24. g3 Bg4 25. b5 h5 26. b6 Bd6 27. c5 Be7 28. Rd3 Rd8 29. Rbd1 Rxd3 30. Rxd3 a5 31. Kg2 Qb8 32. Qd2 Qb7 33. Ne1 f5 34. f3 fxe4 35. fxe4 f5 36. exf5 Bxf5 37. Rb3 Bxh4 38. Bf2 Bf6 39. Nf3 h4 40. Qd6 hxg3 41. Qxf6 gxf2+ 42. Kxf2 Be4 43. Qe6+ 1-0

[Event "ZN-2011-0-01757"]
[Site "LSS email"]
[Date "2011.11.08"]
[Round "?"]
[White "Tobey, Al E"]
[Black "Rose, Robert E"]
[Result "0-1"]
[WhiteElo "621"]
[BlackElo "723"]
[PlyCount "92"]
[EventDate "2011.11.04"]
[EventType "match (corr)"]
[EventRounds "2"]
[EventCountry "GER"]
[SourceTitle "Telechess CBM 157"]
[Source "ChessBase"]
[SourceDate "2013.11.12"]
[SourceVersion "1"]
[SourceVersionDate "2013.11.12"]
[SourceQuality "1"]

1. e4 c5 2. Nf3 d6 3. e5 dxe5 4. Be2 Nc6 5. c3 Nf6 6. 0-0 Bf5 7. Bb5 Qb6 8. Na3 g6 9. Ba4 Bg7 10. Nc4 Qc7 11. Ne3 Bd7 12. Re1 0-0 13. d3 Bg4 14. Nxg4 Nxg4 15. h3 Nh6 16. Ng5 Nf5 17. Ne4 b6 18. Ng5 Rad8 19. Bc2 Nd6 20. Ne4 Nxe4 21. Qe2 Nd6 22. Bg5 Rfe8 23. Qf3 f6 24. Bd2 e6 25. Qe3 Re7 26. f3 Nf5 27. Qf2 Red7 28. f4 exf4 29. Bxf4 e5 30. Bh2 Bh6 31. Bb3+ Kg7 32. Be6 Rxd3 33. Bxf5 gxf5 34. Qxf5 Qf7 35. Qg4+ Qg6 36. Qa4 Rd2 37. Qg4 Qxg4 38. hxg4 Rxb2 39. Red1 Rxd1+ 40. Rxd1 Rxa2 41. Rd7+ Kg6 42. Rd6 Be3+ 43. Kf1 Na5 44. g5 Rf2+ 45. Ke1 Nc4 46. Bg3 Nxd6 0-1

[Event "SN-2011-0-00396"]
[Site "LSS email"]
[Date "2011.11.05"]
[Round "?"]
[White "Lombardi, Donato"]
[Black "Rose, Robert E"]
[Result "1/2-1/2"]
[WhiteElo "832"]
[BlackElo "497"]
[PlyCount "54"]
[EventDate "2011.10.23"]
[EventType "tourn (corr)"]
[EventRounds "6"]
[EventCountry "GER"]
[SourceTitle "Telechess CBM 155"]
[Source "ChessBase"]
[SourceDate "2013.07.16"]
[SourceVersion "1"]
[SourceVersionDate "2013.07.16"]
[SourceQuality "1"]

1. e4 c5 2. Nf3 d6 3. d4 cxd4 4. Nxd4 Nf6 5. Nc3 a6 6. Bd3 e5 7. Nb3 Be6 8. 0-0 Be7 9. Bg5 0-0 10. f4 Bg4 11. Qd2 Nc6 12. f5 Nb4 13. a3 Nxd3 14. cxd3 Nd7 15. Bxe7 Qxe7 16. Nd5 Qd8 17. h3 Bxh3 18. gxh3 Qh4 19. Rf2 Qg3+ 20. Rg2 Qxh3 21. Qg5 g6 22. Rh2 Qxd3 23. Qh6 Qg3+ 24. Kh1 Qf3+ 25. Kg1 Qg3+ 26. Kh1 Qf3+ 27. Kg1 Qg3+ 1/2-1/2

[Event "SN-2011-0-00396"]
[Site "LSS email"]
[Date "2011.11.05"]
[Round "?"]
[White "Rose, Robert E"]
[Black "Galvein, Prospero"]
[Result "1-0"]
[WhiteElo "497"]
[BlackElo "582"]
[PlyCount "73"]
[EventDate "2011.10.23"]
[EventType "tourn (corr)"]
[EventRounds "6"]
[EventCountry "GER"]
[SourceTitle "Telechess CBM 157"]
[Source "ChessBase"]
[SourceDate "2013.11.12"]
[SourceVersion "1"]
[SourceVersionDate "2013.11.12"]
[SourceQuality "1"]

1. e4 e5 2. Nf3 Nf6 3. Nxe5 Qe7 4. d4 Nc6 5. Nxc6 bxc6 6. Nc3 d5 7. e5 Ne4 8. Nxe4 dxe4 9. Bc4 Qd7 10. Be3 Be7 11. Qd2 0-0 12. 0-0 Kh8 13. a3 f5 14. Bg5 Bxg5 15. Qxg5 f4 16. Rae1 f3 17. e6 Qd6 18. Rxe4 h6 19. Qe5 Qe7 20. Rg4 Rf6 21. Re1 Bb7 22. Rf4 Rxf4 23. Qxf4 Rf8 24. Qe5 c5 25. c3 cxd4 26. cxd4 Qf6 27. Qxf6 gxf6 28. e7 Re8 29. Re6 fxg2 30. Bb5 Bd5 31. Bxe8 Bxe6 32. Bg6 Kg7 33. e8Q Bd5 34. Be4 Bxe4 35. Qxe4 a5 36. Qxg2+ Kf7 37. Qd5+ 1-0

[Event "SN-2011-0-00395"]
[Site "LSS email"]
[Date "2011.11.02"]
[Round "?"]
[White "Hinestroza, Douglas"]
[Black "Rose, Robert E"]
[Result "1/2-1/2"]
[WhiteElo "731"]
[BlackElo "723"]
[PlyCount "44"]
[EventDate "2011.10.22"]
[EventType "tourn (corr)"]
[EventRounds "6"]
[EventCountry "GER"]
[SourceTitle "Telechess CBM 157"]
[Source "ChessBase"]
[SourceDate "2013.11.12"]
[SourceVersion "1"]
[SourceVersionDate "2013.11.12"]
[SourceQuality "1"]

1. d4 Nf6 2. c4 g6 3. Nf3 Bg7 4. Bg5 0-0 5. e3 d6 6. Nc3 Bg4 7. Bd3 Nbd7 8. 0-0 Bxf3 9. Qxf3 c6 10. Rfe1 e5 11. Bc2 exd4 12. exd4 Re8 13. Rad1 Qc7 14. h3 Rxe1+ 15. Rxe1 Re8 16. Rxe8+ Nxe8 17. b3 Bxd4 18. Bh6 Nef6 19. Be3 Bxe3 20. Qxe3 Ne5 21. Qxa7 Nfd7 22. Qe3 Qb6 1/2-1/2

[Event "SN-2011-0-00395"]
[Site "LSS email"]
[Date "2011.11.02"]
[Round "?"]
[White "Rose, Robert E"]
[Black "Bortnicker, Justin"]
[Result "0-1"]
[WhiteElo "723"]
[BlackElo "862"]
[PlyCount "64"]
[EventDate "2011.10.22"]
[EventType "tourn (corr)"]
[EventRounds "6"]
[EventCountry "GER"]
[SourceTitle "Telechess CBM 157"]
[Source "ChessBase"]
[SourceDate "2013.11.12"]
[SourceVersion "1"]
[SourceVersionDate "2013.11.12"]
[SourceQuality "1"]

1. e4 e5 2. Nf3 d6 3. d4 Nf6 4. dxe5 Nxe4 5. Qd5 Nc5 6. Bg5 Be7 7. exd6 cxd6 8. Nc3 h6 9. Bxe7 Qxe7+ 10. Be2 0-0 11. 0-0-0 Rd8 12. Bc4 Be6 13. Qd4 Nc6 14. Qf4 Bxc4 15. Qxc4 Ne5 16. Nxe5 Qxe5 17. h3 Qg5+ 18. f4 Qxg2 19. Rdg1 Qf2 20. Nd5 Rac8 21. Ne7+ Kf8 22. Nxc8 Rxc8 23. Rf1 Qg3 24. Qe2 Qg6 25. Rhg1 Qf5 26. Rf2 Qxh3 27. Re1 Ne6 28. f5 Nc7 29. Qe7+ Kg8 30. f6 Re8 31. Qxc7 Rxe1+ 32. Kd2 Qe3# 0-1

[Event "RN-2011-0-00417"]
[Site "LSS email"]
[Date "2011.10.27"]
[Round "?"]
[White "Jokmin, Guido"]
[Black "Rose, Robert E"]
[Result "0-1"]
[WhiteElo "671"]
[BlackElo "675"]
[PlyCount "34"]
[EventDate "2011.10.09"]
[EventType "tourn (corr)"]
[EventRounds "6"]
[EventCountry "GER"]
[SourceTitle "Corr 2015"]
[Source "ChessBase"]
[SourceDate "2015.07.17"]
[SourceVersion "1"]
[SourceVersionDate "2015.07.17"]
[SourceQuality "1"]

1. e4 c5 2. Nf3 d6 3. Bc4 Nf6 4. Ng5 e6 5. Nc3 h6 6. Nxf7 Kxf7 7. d4 cxd4 8. Qxd4 Nc6 9. Qd3 Be7 10. Bf4 a6 11. a4 Rf8 12. Qg3 Nh5 13. Qg4 Nf6 14. Qf3 Kg8 15. Qg3 Nh5 16. Qg4 Nxf4 17. e5 Nxe5 0-1

[Event "RN-2011-0-00417"]
[Site "LSS email"]
[Date "2011.10.27"]
[Round "?"]
[White "Rose, Robert E"]
[Black "Sasa, Vyacheslav"]
[Result "0-1"]
[WhiteElo "675"]
[BlackElo "1209"]
[PlyCount "38"]
[EventDate "2011.10.09"]
[EventType "tourn (corr)"]
[EventRounds "6"]
[EventCountry "GER"]
[SourceTitle "Telechess CBM 149"]
[Source "ChessBase"]
[SourceDate "2012.07.17"]
[SourceVersion "1"]
[SourceVersionDate "2012.07.17"]
[SourceQuality "1"]

1. e4 c5 2. Nf3 Nc6 3. d4 cxd4 4. Nxd4 Nf6 5. Nc3 d6 6. Bc4 e6 7. Bg5 Be7 8. Qd2 h6 9. Nxc6 bxc6 10. Be3 0-0 11. 0-0-0 Qc7 12. f4 d5 13. exd5 exd5 14. Be2 Bb4 15. h3 Ne4 16. Qd4 Bxc3 17. bxc3 c5 18. Qe5 Qa5 19. Bf3 Qa3+ 0-1

[Event "SN-2011-0-00393"]
[Site "LSS email"]
[Date "2011.10.26"]
[Round "?"]
[White "Bester, Kazimierz"]
[Black "Rose, Robert E"]
[Result "1/2-1/2"]
[WhiteElo "769"]
[BlackElo "497"]
[PlyCount "50"]
[EventDate "2011.10.19"]
[EventType "tourn (corr)"]
[EventRounds "6"]
[EventCountry "GER"]
[SourceTitle "Telechess CBM 155"]
[Source "ChessBase"]
[SourceDate "2013.07.16"]
[SourceVersion "1"]
[SourceVersionDate "2013.07.16"]
[SourceQuality "1"]

1. d4 Nf6 2. e3 d5 3. c3 e6 4. Nf3 c5 5. Be2 Nc6 6. 0-0 cxd4 7. exd4 Bd6 8. Ne1 0-0 9. f4 Bd7 10. Nf3 Qc7 11. Ne5 Rac8 12. Bd3 h6 13. Nd2 Be7 14. Ndf3 Nxe5 15. fxe5 Nh7 16. Bf4 Qd8 17. Bxh7+ Kxh7 18. Qd3+ Kg8 19. Rab1 a6 20. a3 Qb6 21. Nd2 Bb5 22. c4 dxc4 23. Qc3 Rfd8 24. Nf3 Kf8 25. Kh1 Kg8 1/2-1/2